Quiz Facile Seigneur des anneaux - Statistiques

Statistiques générales
  • Ce quiz a été pris 182 fois
  • Le résultat moyen est 12 sur 15
Statistiques - réponses
Question Réponse % Correct
Quel est le prénom du héros principal du Seigneur des anneaux ? Frodon
99%
Quel est le nom complet de Frodon ? Frodon Sacquet
97%
Qui dit la phrase : « Vous ne passerez pas ! » ? Gandalf
97%
Quel est le nom du pays des Hobbits ? La Comté
96%
Qui est l’auteur du Seigneur des Anneaux ? J. R. R. Tolkien
92%
Qui est le Seigneur des Anneaux ? Sauron
88%
Quel anneau possède Frodon ? L’Anneau Unique
84%
Comment se nomme la ville principale du Gondor ? Minas Tirith
81%
Qui est le roi du Rohan ? Théoden
79%
Quel est le nom du volcan où l’Anneau doit être détruit ? Mont du Destin
71%
Qui est le père de Boromir ? Denethor
68%
Qui tue le Roi-Sorcier d’Angmar ? Éowyn
66%
Quel est le nom de la lame d’Aragorn ? Andúril
64%
Quelle créature n'essaye pas d'attaquer Frodon dans la Moria ? Gollum
58%
Quelle créature accompagne Frodon pendant toute sa quête ? Sam
31%
Aucun quiz correspondant
Distribution des résultats
% des personnes avec chaque résultat
Percentile par nombre de réponses
Votre historique - résultats
Vous n’avez pas pris ce quiz